| 000 | 00429nam a2200157 4500 | ||
|---|---|---|---|
| 001 | 132205 | ||
| 003 | ES-MaACL | ||
| 005 | 20230906194128.0 | ||
| 007 | t| | ||
| 008 | 070214s1968 sp r ||||1| spa d | ||
| 100 | 1 |
_aRodríguez Yordi, Julio. _998877 |
|
| 245 | 1 | 0 |
_aQuenje en Conjo _b: novela / _cJulio R. Yordi. |
| 260 |
_aLa Coruña : _bMoret, _c1968. |
||
| 300 |
_a288 p. ; _c19 cm. |
||
| 852 |
_aES-MaACL _jC-50368 _bR.68206 |
||
| 999 |
_c132205 _d132205 |
||